Invention Intelligence (Record no. 4098)

MARC details
000 -LEADER
fixed length control field 00395nam a2200145Ia 4500
022 ## - INTERNATIONAL STANDARD SERIAL NUMBER
ISSN 0970-0056
245 #0 - TITLE STATEMENT
Title Invention Intelligence
260 ## - PUBLICATION, DISTRIBUTION, ETC. (IMPRINT)
Name of publisher Invention Promotion Board
Place of publication New Delhi
310 ## - CURRENT PUBLICATION FREQUENCY
Current publication frequency M
500 ## - GENERAL NOTE
General note Ending Volume & Year: 4, 1969
500 ## - GENERAL NOTE
General note Missing Volume: 3(9-10)
500 ## - GENERAL NOTE
General note Starting Volume & Year: 1, 1965
942 ## - ADDED ENTRY ELEMENTS (KOHA)
Koha item type Bound Journal
Holdings
Withdrawn status Lost status Damaged status Not for loan Home library Current library Date acquired Accession Number Koha item type
      Bound journals RRII Library RRII Library 31/12/2021 04054J Bound Journal